000 00633 a2200253 4500
001 3999
003 Complexo Educacional Contemporaneo
005 20230919125644.0
008 191001s2005 r por d
020 _a85-249-1138-7
040 _aComplexo Educacional Contemporaneo
_bpor
080 _a82-1
082 _a82-1
090 _a82-1 A335a
_bAP
100 _aAlbissú, Nelson
240 1 0 _aAvôs e Avós
_lPortuguês
260 _aSão Paulo
_bCortez
_c2005
300 _a32p.
362 0 _a(2005)
650 4 _aFamília
650 4 _aPoesia
245 1 0 _aAvôs e Avós
999 _c3999
_d3999